শুদ্ধতম কবি / (Record no. 74145)
[ view plain ]
| 000 -LEADER | |
|---|---|
| fixed length control field | 00870nam a2200217 a 4500 |
| 001 - CONTROL NUMBER | |
| control field | 74145 |
| 003 - CONTROL NUMBER IDENTIFIER | |
| rucl marc code | BD-RjUL |
| 005 - DATE AND TIME OF LATEST TRANSACTION | |
| control field | 20211209082512.0 |
| 008 - FIXED-LENGTH DATA ELEMENTS--GENERAL INFORMATION | |
| fixed length control field | 180307s1972 bg ||||| |||| 00| 0 ben d |
| 035 ## - SYSTEM CONTROL NUMBER | |
| System control number | (BD-RjUL)74363 |
| 040 ## - CATALOGING SOURCE | |
| Original cataloging agency | BD-RjUL |
| Language of cataloging | ben |
| Transcribing agency | BD-RjUL |
| Modifying agency | BD-RjUL |
| 041 ## - LANGUAGE CODE | |
| Language code of text/sound track or separate title | ben |
| 082 ## - DEWEY DECIMAL CLASSIFICATION NUMBER | |
| Edition number | 23 |
| Classification number | 891.4416 |
| Author mark and year | SAS 1972 |
| 100 0# - MAIN ENTRY--PERSONAL NAME | |
| Personal name | সৈয়দ, আবদুল মান্নান |
| 9 (RLIN) | 220439 |
| 245 1# - TITLE STATEMENT | |
| Title | শুদ্ধতম কবি / |
| Statement of responsibility, etc. | আবদুল মান্নান সৈয়দ |
| 260 ## - PUBLICATION, DISTRIBUTION, ETC. (IMPRINT) | |
| Place of publication, distribution, etc. | ঢাকা : |
| Name of publisher, distributor, etc. | নলেজ হোম, |
| Date of publication, distribution, etc. | ১৯৭২ |
| 300 ## - PHYSICAL DESCRIPTION | |
| Pagination | ১২৭ পৃ. ; |
| Illustrations | ২২ সেমি. |
| 600 ## - SUBJECT ADDED ENTRY--PERSONAL NAME | |
| Personal name | জসিমউদ্দিন |
| Chronological subdivision | ১৯০৪-১৯৭৬ |
| General subdivision | সমালোচনা ও ব্যাখ্যা। |
| Personal name | Jasīmauddīna, |
| Chronological subdivision | 1904-1976 |
| General subdivision | Criticism and interpretation. |
| 942 ## - ADDED ENTRY ELEMENTS (KOHA) | |
| Source of classification or shelving scheme | Dewey Decimal Classification |
| Koha item type | Books |
| Lost status | Source of classification or shelving scheme | Damaged status | Not for loan | Collection code | Permanent Location | Current Location | Shelving location | Date acquired | Source of acquisition | Cost, normal purchase price | Total Checkouts | Full call number | Date last seen | Copy number | Koha item type |
|---|---|---|---|---|---|---|---|---|---|---|---|---|---|---|---|
| Dewey Decimal Classification | Not For Loan | Non-fiction | Central Library, University of Rajshahi | Central Library, University of Rajshahi | Reading Room | 03/03/1973 | Nowrose | 7.00 | B 891.4416 SAS 1972 | 07/03/2018 | C-1 | Books | |||
| Dewey Decimal Classification | Non-fiction | Central Library, University of Rajshahi | Central Library, University of Rajshahi | General Stacks | 03/09/1973 | Nowroze kitobistan, Dhaka | 7.00 | B 891.4416 SAS 1972 | 19/12/2024 | C-2 | Books |